000 00470nam a2200181Ia 4500
001 24155
005 20260414151024.0
008 260414t1990||||xx |||||||||||||| ||spa||
041 _aESP
082 _a789.0982
_bD234
100 _aDei, H. Daniel
_eAUT
245 0 _aDiscépolo :
_btodavía la esperanza: esbozo de una filosofía en zapatillas
260 _c1990
300 _a88 páginas :
_c20 cm.
650 _aABD
654 _aCAU
942 _cLIB
_dJUS
_fJUS
_2ddc
_n
999 _c24155
_d24155